[Event "Barcelona Sant Marti op-A 23rd"]
[Site "Barcelona"]
[Date "2023.07.18"]
[Round "6"]
[White "Advait, Shankar Nair"]
[Black "Amit, Panchal"]
[Result "1/2-1/2"]
[WhiteElo "1838"]
[BlackElo "1776"]
[PlyCount "32"]
[EventDate "2023.07.13"]
[EventType "swiss"]
[EventRounds "9"]
[EventCountry "ESP"]
[SourceTitle "CBM 215 Extra"]
[Source "ChessBase"]
[SourceDate "2023.09.30"]
[SourceVersion "1"]
[SourceVersionDate "2023.09.30"]
[SourceQuality "1"]

1. e4 c5 2. Nf3 d6 3. d4 cxd4 4. Nxd4 Nf6 5. Nc3 g6 6. Be3 Bg7 7. f3 0-0 8. Bc4 Nc6 9. Bb3 Bd7 10. h4 h5 11. Qd2 Rc8 12. 0-0-0 Ne5 13. g4 hxg4 14. h5 Nxh5 15. Bh6 Kh7 16. Bxg7 Kxg7 1/2-1/2

[Event "Barcelona Sant Marti op-A 23rd"]
[Site "Barcelona"]
[Date "2023.07.17"]
[Round "5"]
[White "Amit, Panchal"]
[Black "Muntane Aznar, Juan Manuel"]
[Result "1-0"]
[WhiteElo "1776"]
[BlackElo "1697"]
[PlyCount "67"]
[EventDate "2023.07.13"]
[EventType "swiss"]
[EventRounds "9"]
[EventCountry "ESP"]
[SourceTitle "CBM 215 Extra"]
[Source "ChessBase"]
[SourceDate "2023.09.30"]
[SourceVersion "1"]
[SourceVersionDate "2023.09.30"]
[SourceQuality "1"]

1. e4 c5 2. Nf3 Nc6 3. Bb5 g6 4. c3 e5 5. Bxc6 dxc6 6. Nxe5 Qe7 7. d4 f6 8. Nc4 Qxe4+ 9. Ne3 Bf5 10. 0-0 cxd4 11. Nxf5 Qxf5 12. Re1+ Be7 13. Qxd4 Qd5 14. Qb4 0-0-0 15. Qa4 Bc5 16. Na3 Ne7 17. b4 Bb6 18. c4 Qd4 19. Be3 Qd7 20. Rad1 Qe8 21. c5 Bc7 22. Qxa7 Rxd1 23. Rxd1 Nd5 24. Qa8+ Bb8 25. Nc4 Kd7 26. Qxb7+ Ke6 27. Re1 Kf5 28. h3 g5 29. Qg7 h5 30. Bd2 Qg8 31. Qd7+ Kg6 32. Qxc6 Nxb4 33. Qe4+ Kh6 34. Bxb4 1-0

[Event "Budapest FS04 Nadassy"]
[Site "Budapest"]
[Date "2023.04.07"]
[Round "6"]
[White "Szalanczy, Emil"]
[Black "Amit, Panchal"]
[Result "1-0"]
[WhiteElo "2027"]
[BlackElo "1779"]
[PlyCount "54"]
[EventDate "2023.04.01"]
[EventType "schev"]
[EventRounds "12"]
[EventCountry "HUN"]
[SourceTitle "EXT 2024"]
[Source "ChessBase"]
[SourceDate "2023.10.10"]
[SourceVersion "1"]
[SourceVersionDate "2023.10.10"]
[SourceQuality "1"]
[WhiteTeam "Team Higher Elo	"]
[BlackTeam "Team Lower Elo"]
[WhiteTeamCountry "HUN"]
[BlackTeamCountry "HUN"]

1. e4 c5 2. Nf3 d6 3. d4 cxd4 4. Nxd4 Nf6 5. Nc3 g6 6. Be3 Bg7 7. f3 0-0 8. Qd2 Nc6 9. Bc4 Bd7 10. h4 h5 11. Nxc6 bxc6 12. Bh6 Qb6 13. Bxg7 Kxg7 14. Bb3 Qc5 15. 0-0-0 a5 16. Qd4 Qxd4 17. Rxd4 c5 18. Rd2 a4 19. Bc4 Rfb8 20. a3 Ra7 21. Re1 Rab7 22. e5 dxe5 23. Rxe5 e6 24. Rxc5 Rxb2 25. Bb3 R2xb3 26. cxb3 Rxb3 27. Ra2 e5 1-0

[Event "Budapest FS04 Nadassy"]
[Site "Budapest"]
[Date "2023.04.05"]
[Round "5"]
[White "Amit, Panchal"]
[Black "Farago, Sandor"]
[Result "0-1"]
[WhiteElo "1779"]
[BlackElo "2091"]
[PlyCount "58"]
[EventDate "2023.04.01"]
[EventType "schev"]
[EventRounds "12"]
[EventCountry "HUN"]
[SourceTitle "EXT 2024"]
[Source "ChessBase"]
[SourceDate "2023.10.10"]
[SourceVersion "1"]
[SourceVersionDate "2023.10.10"]
[SourceQuality "1"]
[WhiteTeam "Team Lower Elo"]
[BlackTeam "Team Higher Elo	"]
[WhiteTeamCountry "HUN"]
[BlackTeamCountry "HUN"]

1. e4 c5 2. d4 cxd4 3. c3 dxc3 4. Nxc3 Nc6 5. Nf3 d6 6. Bc4 e6 7. 0-0 Be7 8. Qe2 a6 9. Rd1 Qc7 10. Bf4 Nf6 11. Rac1 0-0 12. Bb3 e5 13. Nd5 Nxd5 14. exd5 exf4 15. dxc6 bxc6 16. Qe4 Bb7 17. Qxf4 Qd8 18. h4 d5 19. Nd4 Bd6 20. Qg4 Rc8 21. Rc3 Rc7 22. Bc2 g6 23. h5 Bc8 24. Qe2 c5 25. Nb3 d4 26. Rc4 Qh4 27. g3 Bg4 28. Qe4 Qxh5 29. Re1 Re7 0-1

[Event "Barcelona Sant Marti op-B 22nd"]
[Site "Barcelona"]
[Date "2022.07.20"]
[Round "8"]
[White "Ritter Aguilar, Jordi"]
[Black "Amit, Panchal"]
[Result "0-1"]
[WhiteElo "1676"]
[BlackElo "1749"]
[PlyCount "74"]
[EventDate "2022.07.13"]
[EventType "swiss"]
[EventRounds "9"]
[EventCountry "ESP"]
[SourceTitle "CBM 210 Extra"]
[Source "ChessBase"]
[SourceDate "2022.11.30"]
[SourceVersion "1"]
[SourceVersionDate "2022.11.30"]
[SourceQuality "1"]

1. c4 e6 2. e4 d5 3. exd5 exd5 4. d4 Nf6 5. Nf3 Bb4+ 6. Nc3 0-0 7. Qb3 Nc6 8. h3 Be6 9. c5 Ne4 10. Be3 Nxc5 11. Qd1 Ne4 12. Rc1 f5 13. Bb5 Ne7 14. 0-0 c6 15. Bd3 Ng6 16. Na4 f4 17. Bd2 Nxd2 18. Nxd2 Bxd2 19. Qxd2 f3 20. Rfe1 Nf4 21. g3 Qg5 22. Kh2 Qh5 23. h4 Nxd3 24. Qxd3 Qg4 25. Qf1 g5 26. Nc5 Bf5 27. Nd3 Bxd3 28. Qxd3 gxh4 29. Re5 hxg3+ 30. fxg3 Rf6 31. Qe3 Rg6 32. Re8+ Rxe8 33. Qxe8+ Kg7 34. Qe7+ Kh6 35. Qe5 Qh5+ 36. Qxh5+ Kxh5 37. Kh3 Kg5 0-1

[Event "Barcelona Sant Marti op-B 22nd"]
[Site "Barcelona"]
[Date "2022.07.16"]
[Round "4"]
[White "Amit, Panchal"]
[Black "Garcia Comas, Pau"]
[Result "1-0"]
[WhiteElo "1749"]
[BlackElo "1467"]
[PlyCount "101"]
[EventDate "2022.07.13"]
[EventType "swiss"]
[EventRounds "9"]
[EventCountry "ESP"]
[SourceTitle "CBM 210 Extra"]
[Source "ChessBase"]
[SourceDate "2022.11.30"]
[SourceVersion "1"]
[SourceVersionDate "2022.11.30"]
[SourceQuality "1"]

1. e4 c5 2. Nf3 d6 3. d4 cxd4 4. Nxd4 Nf6 5. Nc3 a6 6. Be2 e6 7. 0-0 Be7 8. a4 0-0 9. Be3 Qc7 10. f4 Nbd7 11. Kh1 b6 12. Bf3 Bb7 13. Qe1 Rac8 14. Bg1 e5 15. Nf5 Rfe8 16. Qg3 Bf8 17. Nh6+ Kh8 18. Nxf7+ Kg8 19. Nh6+ Kh8 20. Ng4 Nh5 21. Qe1 Nxf4 22. Ne3 Nf6 23. Rd1 Rcd8 24. Bf2 d5 25. Nexd5 N4xd5 26. exd5 e4 27. Be2 Nxd5 28. Nxd5 Rxd5 29. Rxd5 Bxd5 30. Bxa6 Qxc2 31. Bb5 Bc6 32. Qc3 Qxc3 33. bxc3 Bxb5 34. axb5 e3 35. Bxe3 Bc5 36. Bxc5 bxc5 37. Kg1 c4 38. Rf4 Rc8 39. Kf2 Kg8 40. Rf5 g6 41. Rd5 Kf7 42. Ke3 Re8+ 43. Kd4 Re2 44. Rg5 Kf6 45. Rg3 h5 46. Kxc4 h4 47. Rg4 g5 48. b6 Kf5 49. h3 Rb2 50. Kc5 Rb3 51. c4 1-0

[Event "Barcelona Sant Marti op 21st"]
[Site "Barcelona"]
[Date "2019.07.13"]
[Round "1"]
[White "Amit, Panchal"]
[Black "Garcia Gil, Javier"]
[Result "0-1"]
[WhiteElo "1634"]
[BlackElo "2143"]
[PlyCount "50"]
[EventDate "2019.07.13"]
[EventType "swiss"]
[EventRounds "9"]
[EventCountry "ESP"]
[SourceTitle "EXT 2020"]
[Source "ChessBase"]
[SourceDate "2019.10.17"]
[SourceVersion "1"]
[SourceVersionDate "2019.10.17"]
[SourceQuality "1"]

1. e4 c6 2. d4 d5 3. exd5 cxd5 4. Bd3 Nc6 5. c3 Qc7 6. Ne2 e6 7. Bf4 Bd6 8. Bxd6 Qxd6 9. 0-0 Nge7 10. Nd2 0-0 11. f4 Bd7 12. Rf3 f6 13. Rh3 g6 14. g4 e5 15. f5 e4 16. Nxe4 dxe4 17. Bc4+ Kh8 18. fxg6 Nxg6 19. Qd2 Bxg4 20. Rg3 f5 21. Rf1 Nce5 22. Bb3 Nf3+ 23. Rfxf3 exf3 24. Nc1 Qf4 25. Qxf4 Nxf4 0-1